The leader in you : How to win friends, influences people and succed in a changing worl

Bibliographic Details
Main Author: Carnegie,Dale
Format: Book
Published: New York : Dale Carnegie & Associates, Inc. , 1993
Subjects:

MARC

LEADER 00000cam a2200000 7i4500
001 0000004134
005 20180404.0
020 0 0 |a 9789673691937 
090 0 0 |a 658.4092   |b DALE 1993 
100 1 0 |a Carnegie,Dale 
245 1 0 |a The leader in you :   |b How to win friends, influences people and succed in a changing worl   |c Dale Carnegie 
260 0 0 |a New York :   |b Dale Carnegie & Associates, Inc. ,   |c 1993 
300 |a 239 p. ;   |c 17 cm. 
500 0 0 |a Includes index 
650 0 0 |a Interpersonal Communications 
650 0 0 |a Leadership 
650 0 0 |a Success in business 
998 |a JPSM 
999 |a 007999   |b Monograph   |c Open Shelf   |e Default branch